El cerebro humano. Libro de trabajo

Guardat en:
Dades bibliogràfiques
Autors principals: Diamond, M. C (Autor), Scheibel, A. B (Autor), Elson, L. M (Autor)
Format: Llibre
Idioma:espanyol
Publicat: Barcelona Ariel 1996
Col·lecció:Ariel Neurociencia
Matèries:
Etiquetes: Afegir etiqueta
Sense etiquetes, Sigues el primer a etiquetar aquest registre!

MARC

LEADER 00000nam a2200000 a 4500
001 UCM8630
003 CL-VaPUC
008 030321e19960000SP |||||||||||||||||spa|d
082 0 4 |a 612.825  |b DIA  |2 21 
100 0 |a Diamond, M. C  |e author  |9 474725 
700 0 |a Scheibel, A. B  |e author  |9 474726 
700 0 |a Elson, L. M  |e author  |9 474727 
245 1 3 |a El cerebro humano. Libro de trabajo 
300 |a 302 p 
942 |c BK 
945 |d 20030321 00:00:00  |a cmena 
260 |a Barcelona  |b Ariel  |c 1996 
650 0 |a Cerebro   |9 307262 
650 0 |a Anatomía humana   |9 269546 
650 0 |a Neurociencias  |9 424346 
650 0 |a Sistema nervioso  |9 266815 
650 0 |a Médula espinal  |9 369352 
650 0 |a Encéfalo  |9 409891 
583 |a last modification  |c 20030321 00:00:00  |k Rodrigo Vera 
490 0 |a Ariel Neurociencia 
999 |c 303090  |d 303088 
952 |0 0  |1 0  |4 0  |6 612_825000000000000_DIA_1996  |7 0  |8 A  |9 364073  |a BIBEDU  |b BIBEDU  |d 2019-11-21  |i 3884759  |o 612.825 DIA 1996  |p 3884759  |r 2019-11-21  |w 2019-11-21  |y BK  |k PSI